| 000 | 01023nam a2200253 a 4500 | ||
|---|---|---|---|
| 001 | 52424 | ||
| 003 | BD-RjUL | ||
| 005 | 20211209075813.0 | ||
| 008 | 160920s2000 ii ||||| |||| 00| 0 ben d | ||
| 020 | _c: Tk. 50.00 | ||
| 035 | _a(BD-RjUL)52544 | ||
| 040 |
_aBD-RjUL _bben _cBD-RjUL |
||
| 041 | _aben | ||
| 082 |
_223 _a398.2 _bSEL 2000 |
||
| 100 | 1 |
_aসেনগুপ্ত, পল্লব _9123262 |
|
| 245 | 1 | 0 |
_aলোককথার অন্তর্লোক / _cপল্লব সেনগুপ্ত, |
| 260 |
_aকলকাতা : _bপুস্তক বিপণি, _c২০০০ |
||
| 300 |
_a১০১ পৃ. : _bচিত্র ; _c১৬ সেমি. |
||
| 490 |
_aলোকসংস্কৃতি গবেষণা গ্রন্থমালা ; _v১০ |
||
| 650 |
_aলোকসাহিত্য _9156833 |
||
| 650 |
_aFolk literature _9156834 |
||
| 830 |
_aলোকসংস্কৃতি গবেষণা গ্রন্থমালা ; _v১০ _9142869 |
||
| 942 |
_2ddc _cBK |
||
| 999 |
_c52424 _d52424 |
||